| 000 | 00658nam a2200205Ii 4500 | ||
|---|---|---|---|
| 003 | JO-AjNU | ||
| 008 | 230605s9999||||xx |||||||||||||| ||und|| | ||
| 040 |
_aJO-AjNU _bara _erda _cJO-AjNU |
||
| 041 | _aara | ||
| 050 | 1 | 4 | _aB741.A222.1982 |
| 100 | 3 |
_aعبدان،الداعي القرمطي ، تامر،عارف/تحقيق, _eauthor _919376 |
|
| 245 | 0 | 0 | _aكتاب شجرة اليقين |
| 250 | _aط1 | ||
| 264 | 3 | 1 | _aبيروت:دار الافاق الجديدة ،1982 |
| 300 | _a165ص | ||
| 336 |
_atext _btxt _2rdacontent |
||
| 337 |
_aunmediated _bn _2rdamedia |
||
| 338 |
_avolume _bnc _2rdacarrier |
||
| 650 | 4 |
_aفلسفة اسلامية _919377 |
|
| 999 |
_aA6384 _c9952 _d9952 |
||